Semmelweis-nap az orvoskaron
Elmentve itt :
| Dokumentumtípus: | Cikk |
|---|---|
| Megjelent: |
2001-07-05
|
| Sorozat: | Délmagyarország
91 No. 155 |
| Kulcsszavak: | Semmelweis-nap |
| Online Access: | http://dmarchiv.bibl.u-szeged.hu/124158 |
| LEADER | 00399nab a2200145 i 4500 | ||
|---|---|---|---|
| 001 | delm124158 | ||
| 005 | 20191031105634.0 | ||
| 008 | 191031s2001 hu o 0|| hun d | ||
| 040 | |a SZTE Délmagyarország Archívum |b hun | ||
| 041 | |a hun | ||
| 245 | 0 | 0 | |a Semmelweis-nap az orvoskaron |h [elektronikus dokumentum] |
| 260 | |c 2001-07-05 | ||
| 300 | |a 4 | ||
| 490 | 0 | |a Délmagyarország |v 91 No. 155 | |
| 695 | |a Semmelweis-nap | ||